01096nas a2200349 4500001001300000003000900013005001700022007000300039008003400042040005400076041000900130072001300139100001900152100002100171100001600192100001600208100001900224100002100243245015500264650001200419650001500431650001900446650001000465650001000475650001700485650001700502650001900519650003200538650001500570773008100585856008000666BR2022000708BR-BrBNA20231205132306.0ta230509b bl.|||p| |||| 00| 00por d aBR-BrBNAbporcBiblioteca Nacional de Agricultura a(Pt) aF08; F041 aTaffarel, L.E.1 aOliveira, P.S.R.1 aPiano, J.T.1 aCosta, P.B.1 aMesquita, E.E.1 aCastagnara, D.D.1 aCaracterísticas agronômicas e valor nutricional da aveia e do milho consorciado com braquiária em sistema de integração lavoura e pecuária aLAVOURA aPECUÁRIA aINTEGRAÇÃO aAVEIA aMILHO aADUBAÇÃO aNITROGÊNIO aPLANTIO DIRETO aCONSORCIAÇÃO DE CULTURA aBRACHIARIA0 tActa Iguazu (Brazil)xISSN 2316-4093 g(2018), v. 7(3) p. 1-16wBR202200070840uhttps://e-revista.unioeste.br/index.php/actaiguazu/article/view/16589/13374